Prueba de Togo - Estadísticas

Estadísticas generales
  • Esta prueba ha sido intentada 558 veces
  • La puntuación promedio es 11 de 17
Estadísticas de respuestas
Pista Respuesta % Correcto
Países que limitan con Togo Benín
93%
Idioma oficial Francés
93%
País que tomó el control del Togo después de 1916 Francia
93%
Países que limitan con Togo Ghana
90%
Países que limitan con Togo Burkina Faso
89%
Togo toca este golfo Golfo de Guinea
86%
Área histórica que incluye la costa de Togo, llamada así por un comercio cruel Costa de los {Esclavos}
78%
País que colonizó el Togo entre 1884 y 1916 Alemania
77%
Capital Lomé
77%
Grano que representan más del 20% de las exportaciones de Togo Cacao
63%
Capital extranjero a 172 kilómetros al oeste de la capital del Togo Acra
62%
El lago más grande Lago Togo
45%
Nombre colonial de Togo Togo{landia}
37%
Togo tiene la cuarta reserva más grande de fosfatos del mundo, que se utilizan típicamente para producir ... Fertilizante
31%
Entre los países africanos, Togo tiene el porcentaje más alto de población que sigue esta religión "ismo" {Anim}ismo
28%
Togo es el quinto productor mundial de este cultivo alimentario africano Ñame
23%
El río más largo Pista: un animal Río Mono
23%
No se encontraron pruebas coincidentes
Distribución de puntuación
Porcentaje de gente con cada puntuación
Porcentaje por número respondido
Historial de tus puntuaciones
No has intentado esta prueba.